Que signifie ARCOM - Statistiques

Statistiques générales
  • Ce quiz a été pris 12 fois
  • Le résultat moyen est 2 sur 5
Statistiques - réponses
Réponse % Correct
Autorité
100%
de régulation
36%
audiovisuelle
27%
de la communication
27%
et numérique
27%
Aucun quiz correspondant
Distribution des résultats
% des personnes avec chaque résultat
Percentile par nombre de réponses
Votre historique - résultats
Vous n’avez pas pris ce quiz